| 000 | 00632nam a2200181 i 4500 | ||
|---|---|---|---|
| 001 | 60888 | ||
| 003 | ES-MaACL | ||
| 005 | 20240208163313.0 | ||
| 007 | t| | ||
| 008 | 031107q1947 sp ||||1| spa d | ||
| 100 | 1 |
_aEstella Zalaya, Eduardo. _948098 |
|
| 245 | 1 | 0 |
_aLecciones dogmáticas adaptadas al programa oficial para el segundo curso de enseñanza religiosa universitaria / _cpor Eduardo Estella Zalaya. |
| 260 |
_aZaragoza : _bUniversidad de Zaragoza, _c1947? ( _fLa editorial) |
||
| 300 |
_a358 p. ; _c21 cm. |
||
| 710 | 2 |
_aUniversidad de Zaragoza _97352 |
|
| 852 |
_aES-MaACL _jC-4805 _bR.25339 |
||
| 999 |
_c60888 _d60888 |
||